000 00468nam a2200193Ia 4500
005 20240823041314.0
008 240823s9999||||xx |||||||||||||| ||und||
020 _a81-7823-117-4
041 _aENGLISH
082 _A181.4 Q3
100 _aSwami Harshanandar
245 0 _aEzhaigargale Prasanaikalai Etirkolungal
250 _a1st
260 _c2013
_bSri Ramakrishna
500 _aDISPLAY
650 _aElaigarkalae
_bGeneral
942 _cBK
999 _c205183
_d205183